Estadística del paro obrero involuntario en el 2º semestre de 1933 / (Record no. 60674)

MARC details
000 -LEADER
campo de control de longitud fija 00621nam a2200157 i 4500
001 - NÚMERO DE CONTROL
campo de control 60674
003 - IDENTIFICADOR DE NÚMERO DE CONTROL
campo de control ES-MaACL
005 - FECHA Y HORA DE LA ÚLTIMA TRANSACCIÓN
campo de control 20230906164301.0
007 - CAMPO FIJO DE DESCRIPCIÓN FÍSICA--INFORMACIÓN GENERAL
campo de control de longitud fija t|
008 - DATOS DE LONGITUD FIJA--INFORMACIÓN GENERAL
campo de control de longitud fija 031105s1934 sp ||||1| spa d
245 00 - MENCIÓN DEL TÍTULO
Título Estadística del paro obrero involuntario en el 2º semestre de 1933 /
Mención de responsabilidad, etc. Ministerio de Trabajo, Sanidad y Previsión Social, Oficina Central de Colocación y Defensa contra el Paro.
260 ## - PUBLICACIÓN, DISTRIBUCIÓN, ETC.
Lugar de publicación, distribución, etc. Madrid :
Nombre del editor, distribuidor, etc. [s.n.,
Fecha de publicación, distribución, etc. 1934] (
Fabricante Sobrinos de los Suc. de M. Minuesa)
300 ## - DESCRIPCIÓN FÍSICA
Extensión 173 p. ;
Dimensiones 24 cm.
710 1# - ENTRADA AGREGADA--NOMBRE DE ENTIDAD CORPORATIVA
Nombre de entidad corporativa o nombre de jurisdicción como elemento de entrada España.
Unidad subordinada Ministerio de Trabajo, Sanidad y Previsión Social.
9 (RLIN) 3929
852 ## - LOCALIZACIÓN
Ubicación ES-MaACL
Número de control de estantería C-7227
Holdings
Estatus retirado Estado de pérdida Estado de daño No para préstamo Biblioteca de origen Biblioteca actual Ubicación en estantería Fecha de adquisición Fuente de adquisición Total de préstamos Signatura topográfica completa Código de barras Visto por última vez Precio de reemplazo Tipo de ítem Koha
        Biblioteca del Ateneo de Madrid Biblioteca del Ateneo de Madrid Sala Palomar 17/01/2008     C-7227 1063632 23/02/2023 23/02/2023 Libro impreso